Manual de Derecho Matrimonial Canónico.

Kaydedildi:
Detaylı Bibliyografya
Yazar: Bañares Parera, Juan Ignacio (autor)
Diğer Yazarlar: González Alonso, Álvaro Lino (autor)
Materyal Türü: Bilinmiyor
Dil:İspanyolca
Baskı/Yayın Bilgisi: Pamplona, España: Ediciones Universidad de Navarra (EUNSA), 2024.
Edisyon:Primera edición.
Konular:
Etiketler: Etiketle
Etiket eklenmemiş, İlk siz ekleyin!

MARC

LEADER 00000 a2200000 4500
003 CL-VaPUC
005 20250422123059.0
008 250407t2024 ||||| |||| 00| 0 spa d
999 |c 447868  |d 447866 
020 |a 978-84-313-3961-6 
040 |c Pontificia Universidad Católica de Valparaíso 
082 |2 22  |a 262.933 BAÑ 2024 
100 |a Bañares Parera, Juan Ignacio  |9 897909  |e autor 
245 |a Manual de Derecho Matrimonial Canónico. 
250 |a Primera edición. 
260 |a Pamplona, España:  |b Ediciones Universidad de Navarra (EUNSA),  |c 2024. 
300 |a 421 páginas. 
583 |k Yessy Díaz Vidal   |c 20250407 
650 0 |9 254934  |a Derecho canónico   |x Matrimonio  |x Aspectos sacramentales y jurídicos 
700 |9 897935  |a González Alonso, Álvaro Lino  |e autor 
942 |2 ddc  |c BK 
952 |0 0  |1 0  |2 ddc  |4 0  |6 262_933000000000000_BAÑ_2024  |7 0  |8 A  |9 602164  |a BIBTEO  |b BIBTEO  |d 2025-04-04  |e 8  |g 28000.00  |i 5667014  |o 262.933 BAÑ 2024  |p 5667014  |r 2025-04-04  |t 1  |v 28000.00  |w 2025-04-04  |y BK  |k ICR